000 02187 a2200265 4500
999 _c10887
_d10887
020 _a9789211319743
050 _aHQ 1240
_bGEN 2004
100 _a Khosla, Prabha
_eauthor
245 _a Gender in local government : a sourcebook for trainers
_ba sourcebook for trainers/
_cPrabha Khosla
264 _aNairobi:
_bUnited Nations Human Settlements Programme
_c2008
300 _a x, 149 pages :
_b illustrations ; 25 cm.
336 _2rda content
_atext
_btx
337 _2rda media
_aunmediated
_bn
338 _2rda carrier
_avolume
_bnc
440 _a Local government training tools
504 _an/a
505 _aSection 1. Why this sourcebook -- Section 2. Introducing gender -- Section 3. Women, gender and local governance -- Appendix -- Glossary -- Case studies -- Exercises
520 _a"This sourcebook aims at providing local governments with the tools to better understand the importance of gender in the decision-making process and to reach better solutions for the communities they serve. For this publication the following key issues of local governance have been selected: participation in local government, land rights, urban planning, service provision, local government financing, violence against women and local economic development. Each of these issues is introduced by a brief gender analysis. Numerous case studies illustrate what local governments can do. Reflection questions and training exercises help trainers to develop successful training events. [...] [The manual] is designed as a companion to other UN-HABITAT training tools, providing local government trainers with the background and tested training methods they need to strengthen the gender dimension in their day-to-day training activities. The source book may also be used as a stand-alone tool, introducing local governments to gender issues and their importance for local government policy-making and project implementation." -- P. iv
650 _aWomen Government policy
650 _aWomen in development Bibliography
650 _a Women in development Handbooks, manuals,
650 _aWomen in development
700 _aBernhard Barth
_eeditor
942 _2lcc
_cBK
_h1240
_iGEN
_kHQ